| 000 | 00350 a2200133 4500 | ||
|---|---|---|---|
| 001 | 87909 | ||
| 082 | _aPR 260 | ||
| 090 |
_c41376 _d41376 |
||
| 100 | _aKamran Ahmed; Ahmad Aizaz Prof | ||
| 245 |
_aDesign and manufacturing of a hermoelectric cooler _nG-66 |
||
| 260 |
_aRisalpur _bNUST _c2009 |
||
| 300 | _axv, 83 p. | ||
| 500 | _aBE project reports AE | ||
| 942 |
_aCAE NUST _kPR 260 |
||
| 999 |
_c322982 _d322982 |
||